| 000 | 00498nam a2200205Ia 4500 | ||
|---|---|---|---|
| 003 | OSt | ||
| 005 | 20140311163110.0 | ||
| 008 | 140130s9999 xx 000 0 und d | ||
| 020 | _a0590453033 | ||
| 050 |
_aNA 7120 _b.D65 1992 |
||
| 100 |
_aDorros, Arthur _927453 |
||
| 245 |
_aThis is my house / _cArthur Dorros. |
||
| 260 |
_bScholastic, _c1992. _aNew York : |
||
| 300 | _bcol. ill. ; | ||
| 440 |
_v1 _930864 |
||
| 521 | _aG3 | ||
| 526 | _c500 | ||
| 942 |
_cBK-SCHOLAS _2lcc |
||
| 999 |
_c40556 _d40556 |
||